Organización y management : una reflexión a partir de la ética /

El autor conceptúa el managent como una disciplina fundada en la intención de asegurar la cooperación de todas las personas involucradas en los negocios a favor del propósito de estos últimos. Desde esta perspectiva desarrolla sus planteamientos en el que recurre a la ética como una alternativa disc...

ver descrição completa

Na minha lista:
Detalhes bibliográficos
Autor principal: Robles Francia, Víctor Hugo (autor)
Formato: Livro
Idioma:espanhol
Publicado em: México : Plaza y Valdés, 2006, c2006
Assuntos:
Tags: Adicionar Tag
Sem tags, seja o primeiro a adicionar uma tag!

MARC

LEADER 00000nam^a2200000^a^4500
001 000189868
005 20250521000000.0
009 20260310102429.272
020 |a 970-722-469-X 
037 |a Acervo ITESO - Biblioteca 
041 |a ESP 
082 |a 174. 4  |b ROB 
100 |a Robles Francia, Víctor Hugo  |e (autor) 
245 1 0 |a Organización y management :  |b una reflexión a partir de la ética /  |c V.H. Robles Francia. 
264 4 |a México :  |b Plaza y Valdés,  |c 2006, c2006 
300 |a 198 p. 
336 |a texto  |b txt  |2 rdacontenido 
337 |a sin mediación  |b n  |2 rdamedio 
338 |a volumen  |b nc  |2 rdasoporte 
520 |a El autor conceptúa el managent como una disciplina fundada en la intención de asegurar la cooperación de todas las personas involucradas en los negocios a favor del propósito de estos últimos. Desde esta perspectiva desarrolla sus planteamientos en el que recurre a la ética como una alternativa disciplinaria para la comprensión de las conductas desplegadas tanto del manager como de la corporación en sí. 
649 |a XX 
650 |a Gerentes y Jefes -  |x Aspectos Eticos 
650 |a Comportamiento Organizacional 
650 |a Clima Organizacional 
650 |a Cultura Organizacional 
650 |a Organización Social 
650 |a Administración -  |x Teoría 
650 |a Ciencias Administrativas 
650 |a Positivismo 
650 |a Etica en los Negocios -  |x Tema Principal 
650 |a Filosofía 
910 |a Fondo General 
920 |a Impresos - Libros 
930 |a Colección General 
905 |a 101 
901 |a 0500132950  |b IT1  |c ACC  |u 20250521 
902 |a https://opac.biblio.iteso.mx/vufind/Record/000189868